Flores de amor (Record no. 35130)

MARC details
000 -LEADER
campo de control de longitud fija 00476nam a2200157 i 4500
001 - NÚMERO DE CONTROL
campo de control 35130
003 - IDENTIFICADOR DE NÚMERO DE CONTROL
campo de control ES-MaACL
007 - CAMPO FIJO DE DESCRIPCIÓN FÍSICA--INFORMACIÓN GENERAL
campo de control de longitud fija t|
008 - DATOS DE LONGITUD FIJA--INFORMACIÓN GENERAL
campo de control de longitud fija 030212s1927 sp ||||1| spa d
100 1# - ENTRADA PRINCIPAL--NOMBRE DE PERSONA
Nombre de persona Bolinaga, Josefina.
9 (RLIN) 29961
245 10 - MENCIÓN DEL TÍTULO
Título Flores de amor
Resto del título : poesías /
Mención de responsabilidad, etc. Josefina Bolinaga ; prólogo de Luis Fernández Andarín.
260 ## - PUBLICACIÓN, DISTRIBUCIÓN, ETC.
Lugar de publicación, distribución, etc. Madrid :
Nombre del editor, distribuidor, etc. Juan Pérez,
Fecha de publicación, distribución, etc. 1927.
300 ## - DESCRIPCIÓN FÍSICA
Extensión 112 p. ;
Dimensiones 19 cm.
700 1# - ENTRADA AGREGADA--NOMBRE PERSONAL
Nombre de persona Fernández Andarín, Luis.
9 (RLIN) 49464
852 ## - LOCALIZACIÓN
Ubicación ES-MaACL
Número de control de estantería B-3638
Holdings
Estatus retirado Estado de pérdida Estado de daño No para préstamo Biblioteca de origen Biblioteca actual Ubicación en estantería Fecha de adquisición Fuente de adquisición Total de préstamos Signatura topográfica completa Código de barras Visto por última vez Precio de reemplazo Tipo de ítem Koha
        Biblioteca del Ateneo de Madrid Biblioteca del Ateneo de Madrid Sala Pardo Bazán 17/01/2008     B-3638 1036735 23/02/2023 23/02/2023 Libro impreso